Pokemon Orange Archipelago (with map) Quiz Stats

 Plays Quiz not verified by Sporcle

Challenge
Share
Tweet
Score 0/27 Timer 08:00
0 Plays Today
Island Number Island Name % Correct
15Mikan Island
61.3%
21Pinkan Island
61.3%
4Kumquat Island
58.1%
14Navel Island
51.6%
187 Grapefruit Islands
51.6%
22Valencia Island
48.4%
1Hamlin Island
38.7%
3Pummelo Island
38.7%
26Trovita Island
38.7%
10Lightning Island
35.5%
11Fire Island
35.5%
12Ice Island
35.5%
20Tangelo Island
35.5%
7Rind Island
29%
Island Number Island Name % Correct
2Tarroco Island
25.8%
5Ascorbia Island
25.8%
6Butwal Island
25.8%
9Shamouti Island
25.8%
16Fairchild Island
25.8%
17Sunburst Island
25.8%
23Moro Island
25.8%
27Murcott Island
25.8%
8Cleopatra Island
22.6%
13Mandarin Island North
22.6%
19Kinnow Island
22.6%
25Mandarin Island South
22.6%
24Golden Island
19.4%

You're not logged in!

Compare scores with friends on all Sporcle quizzes.
Join for Free
OR
Log In

You Might Also Like...

Show Comments

Extras

Top Quizzes Today


Score Distribution

Your Account Isn't Verified!

In order to create a playlist on Sporcle, you need to verify the email address you used during registration. Go to your Sporcle Settings to finish the process.

Report this User

Report this user for behavior that violates our Community Guidelines.

Details: